[Event "DVM U14 2020"]
[Site "Willingen GER"]
[Date "2021.06.25"]
[Round "4"]
[White "Duduka, Artem"]
[Black "Feng, Felix"]
[Result "1/2-1/2"]
[Termination "normal"]
[Board "4.3"]
[WhiteElo "1613"]
[BlackElo "1423"]
[WhiteClock "01:13:32"]
[BlackClock "00:59:06"]
[WhiteTeam "Schachfreunde Nordost Berlin"]
[BlackTeam "SF Neuberg"]
[PlyCount "61"]
[WhiteFideId "14194805"]
[BlackFideId "16275179"]
[EventCountry "GER"]
[EventRounds "7"]
[EventType "team-swiss"]
[EventDate "2021.06.23"]

1. e4 {[%clk 1:30:52]} 1... c5 {[%clk 1:30:23]} 2. Nf3 {[%clk 1:31:08]} 2... d6
{[%clk 1:30:31]} 3. c3 {[%clk 1:30:58]} 3... Nf6 {[%clk 1:30:01]} 4. h3 { [%clk
1:30:59]} 4... Nc6 {[%clk 1:29:25]} 5. Bd3 {[%clk 1:30:54]} 5... g6 { [%clk
1:28:24]} 6. O-O {[%clk 1:30:32]} 6... Bg7 {[%clk 1:28:25]} 7. Bc2 { [%clk
1:30:24]} 7... O-O {[%clk 1:27:53]} 8. d4 {[%clk 1:30:16]} 8... Nd7 { [%clk
1:26:44]} 9. a3 {[%clk 1:29:10]} 9... b6 {[%clk 1:26:32]} 10. Re1 { [%clk
1:28:32]} 10... Bb7 {[%clk 1:25:56]} 11. Bf4 {[%clk 1:27:25]} 11... Rc8 { [%clk
1:24:16]} 12. Bb3 {[%clk 1:25:35]} 12... cxd4 {[%clk 1:22:24]} 13. cxd4 { [%clk
1:25:44]} 13... Nxd4 {[%clk 1:19:08]} 14. Nxd4 {[%clk 1:25:29]} 14... Bxd4
{[%clk 1:19:26]} 15. Qxd4 {[%clk 1:25:35]} 15... e5 {[%clk 1:19:10]} 16. Qxd6
{[%clk 1:25:38]} 16... exf4 {[%clk 1:19:15]} 17. Qxf4 {[%clk 1:21:57]} 17...
Nc5 {[%clk 1:18:58]} 18. Rd1 {[%clk 1:18:01]} 18... Qc7 {[%clk 1:16:22]} 19.
Qxc7 {[%clk 1:17:35]} 19... Rxc7 {[%clk 1:16:44]} 20. Bd5 {[%clk 1:17:43]}
20... Nxe4 {[%clk 1:16:38]} 21. Bxb7 {[%clk 1:17:10]} 21... Rxb7 { [%clk
1:16:55]} 22. f3 {[%clk 1:17:26]} 22... Nf6 {[%clk 1:17:02]} 23. Nc3 { [%clk
1:17:40]} 23... Re8 {[%clk 1:16:41]} 24. Rd6 {[%clk 1:17:42]} 24... Nh5 { [%clk
1:16:38]} 25. Rad1 {[%clk 1:17:09]} 25... Rbe7 {[%clk 1:16:33]} 26. Kf2 { [%clk
1:16:19]} 26... Nf4 {[%clk 1:13:56]} 27. Ne4 {[%clk 1:15:15]} 27... Kg7 { [%clk
1:12:43]} 28. Rd8 {[%clk 1:13:41]} 28... Rxd8 {[%clk 1:08:28]} 29. Rxd8 { [%clk
1:14:03]} 29... Rc7 {[%clk 1:07:14]} 30. Nc3 {[%clk 1:13:50]} 30... Ne6 { [%clk
0:59:06]} 31. Rd2 {[%clk 1:13:32]} 1/2-1/2

[Event "DVM U14 2020"]
[Site "Willingen GER"]
[Date "2021.06.25"]
[Round "4"]
[White "Kaiser, Jason"]
[Black "Beck, Felix"]
[Result "0-1"]
[Termination "normal"]
[Board "4.4"]
[WhiteElo "1479"]
[BlackElo "1526"]
[WhiteClock "00:55:12"]
[BlackClock "00:25:13"]
[WhiteTeam "SF Neuberg"]
[BlackTeam "Schachfreunde Nordost Berlin"]
[PlyCount "70"]
[WhiteFideId "16275187"]
[BlackFideId "16255364"]
[EventCountry "GER"]
[EventRounds "7"]
[EventType "team-swiss"]
[EventDate "2021.06.23"]

1. e4 {[%clk 1:30:58]} 1... c6 {[%clk 1:30:54]} 2. d4 {[%clk 1:31:15]} 2... d5
{[%clk 1:30:54]} 3. e5 {[%clk 1:31:06]} 3... c5 {[%clk 1:30:13]} 4. c3 { [%clk
1:30:17]} 4... e6 {[%clk 1:26:54]} 5. Nf3 {[%clk 1:29:06]} 5... Nc6 { [%clk
1:25:48]} 6. Bd3 {[%clk 1:28:25]} 6... Qc7 {[%clk 1:20:38]} 7. Bf4 { [%clk
1:24:04]} 7... Nge7 {[%clk 1:17:27]} 8. O-O {[%clk 1:20:15]} 8... Ng6 { [%clk
1:17:31]} 9. Bxg6 {[%clk 1:19:47]} 9... hxg6 {[%clk 1:17:54]} 10. Nbd2 { [%clk
1:19:04]} 10... Be7 {[%clk 1:16:43]} 11. Qc2 {[%clk 1:16:12]} 11... O-O { [%clk
1:13:18]} 12. Rfe1 {[%clk 1:14:25]} 12... b5 {[%clk 1:04:15]} 13. Bg5 { [%clk
1:13:57]} 13... Bxg5 {[%clk 0:58:53]} 14. Nxg5 {[%clk 1:14:11]} 14... Qe7
{[%clk 0:58:58]} 15. Ngf3 {[%clk 1:14:07]} 15... c4 {[%clk 0:52:40]} 16. Nf1 {
[%clk 1:10:03]} 16... Bd7 {[%clk 0:47:25]} 17. Ne3 {[%clk 1:09:11]} 17... Rab8
{[%clk 0:46:15]} 18. Qd2 {[%clk 1:08:23]} 18... Rfc8 {[%clk 0:45:55]} 19. Rab1
{[%clk 1:07:53]} 19... b4 {[%clk 0:40:52]} 20. Nc2 {[%clk 1:02:17]} 20... a5 {
[%clk 0:38:46]} 21. b3 {[%clk 1:00:36]} 21... bxc3 {[%clk 0:37:31]} 22. Qxc3 {
[%clk 0:58:52]} 22... cxb3 {[%clk 0:37:27]} 23. axb3 {[%clk 0:58:51]} 23... Nb4
{[%clk 0:37:13]} 24. Qd2 {[%clk 0:57:21]} 24... Rxc2 {[%clk 0:37:11]} 25. Qe3 {
[%clk 0:57:43]} 25... Rbc8 {[%clk 0:36:28]} 26. Ng5 {[%clk 0:57:13]} 26... R8c3
{[%clk 0:31:06]} 27. Qf4 {[%clk 0:57:14]} 27... f6 {[%clk 0:29:16]} 28. exf6 {
[%clk 0:56:25]} 28... gxf6 {[%clk 0:27:36]} 29. Nh3 {[%clk 0:56:05]} 29... Nd3
{[%clk 0:25:48]} 30. Qb8+ {[%clk 0:55:40]} 30... Rc8 {[%clk 0:26:00]} 31. Qg3 {
[%clk 0:55:54]} 31... Nxe1 {[%clk 0:25:51]} 32. Nf4 {[%clk 0:56:00]} 32... g5 {
[%clk 0:24:56]} 33. Rxe1 {[%clk 0:55:49]} 33... Rc1 {[%clk 0:24:56]} 34. Kf1 {
[%clk 0:54:48]} 34... Bb5+ {[%clk 0:24:54]} 35. Ne2 {[%clk 0:55:12]} 35...
Bxe2+ {[%clk 0:25:13]} 0-1

[Event "DVM U14 2020"]
[Site "Willingen GER"]
[Date "2021.06.25"]
[Round "4"]
[White "Kraftsik, Christian"]
[Black "Kvantaliani, Saba"]
[Result "1/2-1/2"]
[Termination "normal"]
[Board "5.1"]
[WhiteElo "1797"]
[BlackElo "1535"]
[WhiteClock "00:18:16"]
[BlackClock "00:50:08"]
[WhiteTeam "Schach-Club Vaterstetten-Grasbrunn"]
[BlackTeam "Schachklub Münster 32 e. V."]
[PlyCount "46"]
[WhiteFideId "16242548"]
[BlackFideId "16284364"]
[EventCountry "GER"]
[EventRounds "7"]
[EventType "team-swiss"]
[EventDate "2021.06.23"]

1. d4 {[%clk 1:30:55]} 1... c5 {[%clk 1:30:45]} 2. d5 {[%clk 1:31:09]} 2... d6
{[%clk 1:30:57]} 3. c4 {[%clk 1:30:29]} 3... g6 {[%clk 1:30:56]} 4. e4 { [%clk
1:30:15]} 4... Bg7 {[%clk 1:30:49]} 5. Nf3 {[%clk 1:29:32]} 5... Na6 { [%clk
1:29:33]} 6. Be2 {[%clk 1:28:13]} 6... Nc7 {[%clk 1:29:24]} 7. O-O { [%clk
1:26:57]} 7... Bd7 {[%clk 1:29:21]} 8. Nfd2 {[%clk 1:20:50]} 8... f5 { [%clk
1:24:45]} 9. exf5 {[%clk 1:11:13]} 9... Bxf5 {[%clk 1:24:52]} 10. Bg4 { [%clk
1:09:46]} 10... Nh6 {[%clk 1:23:27]} 11. Bxf5 {[%clk 1:04:25]} 11... Nxf5
{[%clk 1:22:58]} 12. Nf3 12... O-O {[%clk 1:20:40]} 13. Nc3 {[%clk 0:50:27]}
13... a6 {[%clk 1:20:01]} 14. a4 {[%clk 0:48:04]} 14... Qd7 {[%clk 1:19:01]}
15. a5 {[%clk 0:45:10]} 15... Rab8 {[%clk 1:12:29]} 16. Na4 16... Na8 { [%clk
1:12:24]} 17. Bd2 {[%clk 0:37:20]} 17... b5 {[%clk 1:08:39]} 18. axb6 { [%clk
0:35:48]} 18... Nxb6 {[%clk 1:08:42]} 19. Nxb6 {[%clk 0:35:47]} 19... Rxb6
{[%clk 1:09:10]} 20. Bc3 {[%clk 0:35:20]} 20... Qb7 {[%clk 1:09:24]} 21. Ng5
{[%clk 0:33:10]} 21... Nd4 {[%clk 1:04:37]} 22. Bxd4 {[%clk 0:22:03]} 22...
Bxd4 {[%clk 0:52:39]} 23. Ne6 {[%clk 0:18:16]} 23... Ra8 {[%clk 0:50:08]}
1/2-1/2

[Event "DVM U14 2020"]
[Site "Willingen GER"]
[Date "2021.06.25"]
[Round "4"]
[White "Bergeret Busse, Julian"]
[Black "Lerchl, Clemens"]
[Result "1-0"]
[Termination "normal"]
[Board "5.2"]
[WhiteElo "1466"]
[BlackElo "1711"]
[WhiteClock "01:11:50"]
[BlackClock "00:24:58"]
[WhiteTeam "Schachklub Münster 32 e. V."]
[BlackTeam "Schach-Club Vaterstetten-Grasbrunn"]
[PlyCount "43"]
[WhiteFideId "16298446"]
[BlackFideId "16226372"]
[EventCountry "GER"]
[EventRounds "7"]
[EventType "team-swiss"]
[EventDate "2021.06.23"]

1. e4 {[%clk 1:30:57]} 1... c5 {[%clk 1:30:52]} 2. Nf3 {[%clk 1:31:17]} 2... d6
{[%clk 1:31:16]} 3. d4 {[%clk 1:31:33]} 3... cxd4 {[%clk 1:31:34]} 4. Nxd4 {
[%clk 1:31:56]} 4... Nf6 {[%clk 1:31:58]} 5. Nc3 {[%clk 1:32:17]} 5... g6 {
[%clk 1:32:23]} 6. Be3 {[%clk 1:32:32]} 6... Bg7 {[%clk 1:32:48]} 7. f3 { [%clk
1:32:49]} 7... O-O {[%clk 1:33:10]} 8. Qd2 {[%clk 1:33:09]} 8... Nc6 { [%clk
1:33:33]} 9. O-O-O {[%clk 1:33:30]} 9... d5 {[%clk 1:33:57]} 10. Qe1 { [%clk
1:33:06]} 10... e5 {[%clk 1:29:50]} 11. Nxc6 {[%clk 1:33:04]} 11... bxc6 {[%clk
1:30:15]} 12. exd5 {[%clk 1:33:12]} 12... cxd5 {[%clk 1:22:10]} 13. Bg5 {[%clk
1:32:00]} 13... Qb6 {[%clk 1:01:46]} 14. Nxd5 {[%clk 1:28:01]} 14... Nxd5
{[%clk 1:00:40]} 15. Rxd5 {[%clk 1:28:22]} 15... Qc6 {[%clk 0:55:28]} 16. Qd2
{[%clk 1:25:41]} 16... Bf5 {[%clk 0:49:41]} 17. Bb5 {[%clk 1:23:39]} 17... Qb7
{[%clk 0:47:53]} 18. Ba4 {[%clk 1:21:05]} 18... Rfc8 {[%clk 0:28:40]} 19. Bb3
{[%clk 1:14:42]} 19... Bxc2 {[%clk 0:25:53]} 20. Bxc2 {[%clk 1:12:47]} 20...
Rxc2+ {[%clk 0:26:12]} 21. Kxc2 {[%clk 1:11:50]} 21... e4 {[%clk 0:24:58] } 22.
Rd8+ 1-0

[Event "DVM U14 2020"]
[Site "Willingen GER"]
[Date "2021.06.25"]
[Round "4"]
[White "Popovici, Liviu-Daniel"]
[Black "Timmermann, Aaron Frederik"]
[Result "1/2-1/2"]
[Termination "normal"]
[Board "5.3"]
[WhiteElo "1505"]
[BlackElo "1399"]
[WhiteClock "00:50:14"]
[BlackClock "00:52:23"]
[WhiteTeam "Schach-Club Vaterstetten-Grasbrunn"]
[BlackTeam "Schachklub Münster 32 e. V."]
[PlyCount "48"]
[WhiteFideId "1253689"]
[BlackFideId "34606173"]
[EventCountry "GER"]
[EventRounds "7"]
[EventType "team-swiss"]
[EventDate "2021.06.23"]

1. e4 {[%clk 1:30:55]} 1... c5 {[%clk 1:30:56]} 2. Nf3 {[%clk 1:31:18]} 2...
Nc6 {[%clk 1:31:20]} 3. d4 {[%clk 1:31:39]} 3... cxd4 {[%clk 1:31:42]} 4. Nxd4
{[%clk 1:31:57]} 4... e5 {[%clk 1:32:06]} 5. Nb5 {[%clk 1:31:32]} 5... d6 {
[%clk 1:32:25]} 6. N1c3 {[%clk 1:31:19]} 6... a6 {[%clk 1:32:47]} 7. Na3 {
[%clk 1:31:36]} 7... b5 {[%clk 1:33:11]} 8. Nd5 {[%clk 1:31:44]} 8... Nf6 {
[%clk 1:33:34]} 9. Bg5 {[%clk 1:31:59]} 9... Be7 {[%clk 1:33:55]} 10. Bxf6 {
[%clk 1:32:14]} 10... Bxf6 {[%clk 1:34:11]} 11. c3 {[%clk 1:32:17]} 11... O-O {
[%clk 1:34:25]} 12. Be2 {[%clk 1:31:28]} 12... Bg5 {[%clk 1:34:32]} 13. O-O {
[%clk 1:30:09]} 13... Be6 {[%clk 1:34:43]} 14. Nc2 {[%clk 1:28:06]} 14... Bxd5
{[%clk 1:32:20]} 15. exd5 {[%clk 1:25:58]} 15... Ne7 {[%clk 1:31:38]} 16. Qd3 {
[%clk 1:15:32]} 16... Qd7 {[%clk 1:25:31]} 17. h3 {[%clk 1:08:45]} 17... Qb7 {
[%clk 1:22:30]} 18. Rfd1 {[%clk 1:04:49]} 18... Rfc8 {[%clk 1:14:30]} 19. Ne3 {
[%clk 1:01:02]} 19... Bxe3 {[%clk 0:59:57]} 20. fxe3 {[%clk 1:00:42]} 20... f5
{[%clk 0:57:08]} 21. e4 {[%clk 0:52:05]} 21... Qb6+ {[%clk 0:53:46]} 22. Kh1 {
[%clk 0:51:06]} 22... fxe4 {[%clk 0:52:49]} 23. Qxe4 {[%clk 0:50:42]} 23... Rf8
{[%clk 0:52:23]} 24. Rf1 {[%clk 0:50:14]} 24... Ng6 1/2-1/2

[Event "DVM U14 2020"]
[Site "Willingen GER"]
[Date "2021.06.25"]
[Round "4"]
[White "Clauß, Annika"]
[Black "Lerchl, Justus"]
[Result "1-0"]
[Termination "normal"]
[Board "5.4"]
[WhiteElo "1133"]
[BlackElo "1467"]
[WhiteClock "00:33:31"]
[BlackClock "00:30:26"]
[WhiteTeam "Schachklub Münster 32 e. V."]
[BlackTeam "Schach-Club Vaterstetten-Grasbrunn"]
[PlyCount "93"]
[WhiteFideId "16261380"]
[BlackFideId "16240677"]
[EventCountry "GER"]
[EventRounds "7"]
[EventType "team-swiss"]
[EventDate "2021.06.23"]

1. e4 {[%clk 1:30:58]} 1... c5 {[%clk 1:30:53]} 2. Nf3 {[%clk 1:31:13]} 2... d6
{[%clk 1:30:59]} 3. c3 {[%clk 1:31:38]} 3... Nc6 {[%clk 1:29:11]} 4. Bd3 {
[%clk 1:31:21]} 4... Nf6 {[%clk 1:28:06]} 5. Bc2 {[%clk 1:30:52]} 5... g6 {
[%clk 1:20:55]} 6. O-O {[%clk 1:31:00]} 6... Bg7 {[%clk 1:20:46]} 7. d4 { [%clk
1:28:55]} 7... cxd4 {[%clk 1:20:18]} 8. cxd4 {[%clk 1:29:20]} 8... d5 { [%clk
1:20:08]} 9. e5 {[%clk 1:25:48]} 9... Ne4 {[%clk 1:16:43]} 10. Be3 { [%clk
1:23:01]} 10... Qb6 {[%clk 1:16:01]} 11. Bb3 {[%clk 1:18:12]} 11... Nb4 { [%clk
1:08:12]} 12. Nc3 {[%clk 1:12:37]} 12... Bf5 {[%clk 1:03:17]} 13. Ba4+ { [%clk
1:03:37]} 13... Nc6 {[%clk 1:02:13]} 14. Nxd5 {[%clk 1:01:35]} 14... Qa5 {[%clk
1:00:36]} 15. Qb3 {[%clk 0:54:42]} 15... O-O {[%clk 0:54:36]} 16. Bxc6 { [%clk
0:50:36]} 16... bxc6 {[%clk 0:36:18]} 17. Nxe7+ {[%clk 0:50:48]} 17... Kh8
{[%clk 0:36:39]} 18. Nxf5 {[%clk 0:50:50]} 18... gxf5 {[%clk 0:37:00]} 19. Qc2
{[%clk 0:46:04]} 19... f6 {[%clk 0:32:01]} 20. e6 {[%clk 0:41:02]} 20... Qd5
{[%clk 0:28:07]} 21. Qb3 {[%clk 0:35:19]} 21... Qxb3 {[%clk 0:25:25]} 22. axb3
{[%clk 0:35:35]} 22... Rfe8 {[%clk 0:25:47]} 23. Nh4 {[%clk 0:29:44]} 23...
Rxe6 {[%clk 0:21:28]} 24. Nxf5 {[%clk 0:27:59]} 24... Bf8 {[%clk 0:21:35] } 25.
f3 {[%clk 0:26:21]} 25... Nd6 {[%clk 0:20:32]} 26. Nxd6 {[%clk 0:23:27]} 26...
Rxe3 {[%clk 0:19:28]} 27. Nc4 {[%clk 0:17:38]} 27... Rxb3 {[%clk 0:18:55] } 28.
Ra6 {[%clk 0:17:44]} 28... Rc8 {[%clk 0:17:50]} 29. Rxa7 {[%clk 0:07:17]} 29...
c5 {[%clk 0:14:50]} 30. d5 {[%clk 0:04:21]} 30... Rd8 {[%clk 0:13:56]} 31. Ra6
{[%clk 0:04:34]} 31... Rxd5 {[%clk 0:12:54]} 32. Rxf6 {[%clk 0:04:57]} 32...
Bg7 {[%clk 0:13:05]} 33. Rc6 {[%clk 0:04:40]} 33... Rb4 {[%clk 0:11:11]} 34.
Rc8+ {[%clk 0:04:17]} 34... Bf8 {[%clk 0:11:22]} 35. Rxf8+ {[%clk 0:04:16]}
35... Kg7 {[%clk 0:11:45]} 36. Ne3 {[%clk 0:03:13]} 36... Re5 {[%clk 0:11:20]}
37. Ng4 {[%clk 0:03:10]} 37... Kxf8 {[%clk 0:10:23]} 38. Nxe5 {[%clk 0:03:37]}
38... Kg7 {[%clk 0:10:46]} 39. Rf2 {[%clk 0:00:40]} 39... Ra4 {[%clk 0:09:43]}
40. g4 {[%clk 0:00:47]} 40... c4 {[%clk 0:04:31]} 41. Rc2 {[%clk 0:00:57]}
41... Ra5 {[%clk 0:30:00]} 42. Nxc4 {[%clk 0:31:11]} 42... Rc5 {[%clk 0:30:00]}
43. Kf2 {[%clk 0:31:20]} 43... Kf6 {[%clk 0:29:52]} 44. Ke3 {[%clk 0:31:31]}
44... Ke6 {[%clk 0:30:13]} 45. h4 {[%clk 0:33:08]} 45... Kd5 {[%clk 0:30:17]}
46. Nb6+ {[%clk 0:33:11]} 46... Kc6 {[%clk 0:30:26]} 47. Rxc5+ {[%clk 0:33:31]}
1-0

[Event "DVM U14 2020"]
[Site "Willingen GER"]
[Date "2021.06.25"]
[Round "4"]
[White "Elstner, Florian"]
[Black "Nitsche, Nikolai"]
[Result "1-0"]
[Termination "normal"]
[Board "6.1"]
[WhiteElo "1526"]
[BlackElo "1831"]
[WhiteClock "00:17:05"]
[BlackClock "00:32:22"]
[WhiteTeam "Schachklub König Plauen"]
[BlackTeam "SV Empor Berlin e.V."]
[PlyCount "81"]
[WhiteFideId "16247264"]
[BlackFideId "16221036"]
[EventCountry "GER"]
[EventRounds "7"]
[EventType "team-swiss"]
[EventDate "2021.06.23"]

1. d4 {[%clk 1:30:58]} 1... g6 {[%clk 1:30:49]} 2. c4 {[%clk 1:31:20]} 2... Bg7
{[%clk 1:31:08]} 3. Nc3 {[%clk 1:31:38]} 3... d6 {[%clk 1:31:24]} 4. e4 { [%clk
1:31:53]} 4... Nf6 {[%clk 1:31:45]} 5. h3 {[%clk 1:31:17]} 5... O-O { [%clk
1:31:17]} 6. Nf3 {[%clk 1:31:31]} 6... c5 {[%clk 1:31:41]} 7. d5 { [%clk
1:31:51]} 7... a6 {[%clk 1:32:00]} 8. Be3 {[%clk 1:31:15]} 8... b5 { [%clk
1:31:14]} 9. Bd3 {[%clk 1:28:55]} 9... bxc4 {[%clk 1:27:18]} 10. Bxc4 { [%clk
1:29:12]} 10... Qb6 {[%clk 1:26:41]} 11. Qd2 {[%clk 1:28:53]} 11... Bd7 { [%clk
1:25:54]} 12. Rb1 {[%clk 1:24:22]} 12... Bb5 {[%clk 1:24:16]} 13. Qd3 { [%clk
1:21:40]} 13... Bxc4 {[%clk 1:22:55]} 14. Qxc4 {[%clk 1:21:55]} 14... Qb4
{[%clk 1:23:03]} 15. Nd2 {[%clk 1:19:15]} 15... Nbd7 {[%clk 1:19:32]} 16. O-O {
[%clk 1:15:49]} 16... a5 {[%clk 1:15:54]} 17. Rfc1 {[%clk 1:06:06]} 17... Ne5 {
[%clk 1:06:27]} 18. Qe2 {[%clk 1:02:11]} 18... e6 {[%clk 1:05:28]} 19. dxe6 {
[%clk 0:57:38]} 19... fxe6 {[%clk 1:05:51]} 20. Nb5 {[%clk 0:53:52]} 20... c4 {
[%clk 0:59:10]} 21. Nc7 {[%clk 0:50:34]} 21... Rac8 {[%clk 0:58:04]} 22. Nxe6 {
[%clk 0:50:08]} 22... Rfe8 {[%clk 0:58:27]} 23. Nxg7 {[%clk 0:47:24]} 23...
Kxg7 {[%clk 0:58:48]} 24. Bd4 {[%clk 0:42:51]} 24... Nd3 {[%clk 0:52:32]} 25.
Rd1 {[%clk 0:37:02]} 25... d5 {[%clk 0:47:48]} 26. Qf3 {[%clk 0:33:47]} 26...
Ne5 {[%clk 0:48:06]} 27. Qc3 {[%clk 0:30:38]} 27... Qxc3 {[%clk 0:35:28]} 28.
bxc3 {[%clk 0:28:25]} 28... Nc6 {[%clk 0:34:12]} 29. Rb7+ {[%clk 0:26:49]}
29... Re7 {[%clk 0:33:58]} 30. Rxe7+ {[%clk 0:26:25]} 30... Nxe7 { [%clk
0:34:23]} 31. exd5 {[%clk 0:26:13]} 31... Nexd5 {[%clk 0:33:47]} 32. Rb1 {[%clk
0:25:26]} 32... Rc7 {[%clk 0:33:42]} 33. Rb5 {[%clk 0:24:23]} 33... Rd7 {[%clk
0:32:32]} 34. Ne4 {[%clk 0:23:41]} 34... Kf7 {[%clk 0:32:28]} 35. Nxf6 { [%clk
0:19:32]} 35... Nxf6 {[%clk 0:32:56]} 36. Rxa5 {[%clk 0:19:07]} 36... Ne4
{[%clk 0:32:58]} 37. f3 {[%clk 0:17:18]} 37... Ng3 {[%clk 0:31:35]} 38. Kf2 {
[%clk 0:16:51]} 38... Nf5 {[%clk 0:31:59]} 39. Ra7 {[%clk 0:17:03]} 39... Rxa7
{[%clk 0:31:55]} 40. Bxa7 {[%clk 0:17:27]} 40... Nd6 {[%clk 0:32:22]} 41. a4 {
[%clk 0:17:05]} 1-0

[Event "DVM U14 2020"]
[Site "Willingen GER"]
[Date "2021.06.25"]
[Round "4"]
[White "Freude, Max"]
[Black "Melestean, Timur"]
[Result "1-0"]
[Termination "normal"]
[Board "6.2"]
[WhiteElo "1806"]
[BlackElo "1502"]
[WhiteClock "00:06:57"]
[BlackClock "01:26:14"]
[WhiteTeam "SV Empor Berlin e.V."]
[BlackTeam "Schachklub König Plauen"]
[PlyCount "135"]
[WhiteFideId "16236157"]
[BlackFideId "16280385"]
[EventCountry "GER"]
[EventRounds "7"]
[EventType "team-swiss"]
[EventDate "2021.06.23"]

1. e4 {[%clk 1:30:59]} 1... c6 {[%clk 1:30:43]} 2. d4 {[%clk 1:31:25]} 2... d5
{[%clk 1:31:07]} 3. exd5 {[%clk 1:31:48]} 3... cxd5 {[%clk 1:31:17]} 4. Bd3 {
[%clk 1:32:12]} 4... Nf6 {[%clk 1:31:42]} 5. c3 {[%clk 1:32:38]} 5... Bg4 {
[%clk 1:31:26]} 6. Qb3 {[%clk 1:33:03]} 6... Qb6 {[%clk 1:31:31]} 7. Qxb6 {
[%clk 1:31:55]} 7... axb6 {[%clk 1:31:52]} 8. h3 {[%clk 1:31:47]} 8... Bh5 {
[%clk 1:32:17]} 9. Bf4 {[%clk 1:28:35]} 9... e6 {[%clk 1:32:28]} 10. Nd2 {
[%clk 1:26:50]} 10... Nbd7 {[%clk 1:32:43]} 11. Ngf3 {[%clk 1:26:49]} 11... Be7
{[%clk 1:33:05]} 12. O-O {[%clk 1:26:24]} 12... O-O {[%clk 1:33:28]} 13. Rfe1 {
[%clk 1:26:01]} 13... Bg6 {[%clk 1:33:32]} 14. Bxg6 {[%clk 1:25:41]} 14... hxg6
{[%clk 1:33:53]} 15. Ne5 {[%clk 1:24:05]} 15... Nxe5 {[%clk 1:34:04]} 16. Bxe5
{[%clk 1:24:19]} 16... Rfc8 {[%clk 1:33:35]} 17. a3 {[%clk 1:14:01]} 17... Bd8
{[%clk 1:32:55]} 18. f3 {[%clk 1:04:27]} 18... Bc7 {[%clk 1:33:14]} 19. Bxc7 {
[%clk 1:02:59]} 19... Rxc7 {[%clk 1:33:37]} 20. Kf2 {[%clk 0:57:24]} 20... Kf8
21. Nb3 {[%clk 0:56:19]} 21... Nd7 {[%clk 1:33:44]} 22. Nc1 {[%clk 0:55:27]}
22... b5 {[%clk 1:31:34]} 23. Nd3 {[%clk 0:55:20]} 23... Nb6 {[%clk 1:31:53]}
24. Re2 {[%clk 0:54:13]} 24... Nc4 {[%clk 1:32:11]} 25. Rae1 {[%clk 0:53:22]}
25... Kg8 {[%clk 1:27:53]} 26. h4 {[%clk 0:49:42]} 26... Kf8 {[%clk 1:23:59]}
27. g4 {[%clk 0:49:38]} 27... Ke7 {[%clk 1:21:48]} 28. Kg3 {[%clk 0:48:54]}
28... b6 {[%clk 1:21:58]} 29. Rh2 {[%clk 0:43:14]} 29... Rh8 {[%clk 1:21:49]}
30. Rhe2 {[%clk 0:32:32]} 30... Ra8 {[%clk 1:20:24]} 31. Nb4 {[%clk 0:28:48]}
31... Kf6 {[%clk 1:19:37]} 32. g5+ {[%clk 0:28:42]} 32... Ke7 {[%clk 1:19:27]}
33. Nxd5+ {[%clk 0:29:07]} 33... Kd6 {[%clk 1:19:47]} 34. Nxc7 {[%clk 0:29:29]}
34... Kxc7 {[%clk 1:20:12]} 35. d5 {[%clk 0:26:47]} 35... exd5 {[%clk 1:20:23]}
36. Re7+ {[%clk 0:26:25]} 36... Kd6 {[%clk 1:20:30]} 37. Rxf7 {[%clk 0:26:04]}
37... Rg8 {[%clk 1:20:20]} 38. Rfe7 {[%clk 0:23:27]} 38... Nxb2 {[%clk 1:20:34]
} 39. R7e6+ {[%clk 0:23:10]} 39... Kc5 {[%clk 1:20:48]} 40. Rxg6 { [%clk
0:23:19]} 40... Na4 {[%clk 1:21:05]} 41. Re3 {[%clk 0:22:31]} 41... Kc4 { [%clk
1:21:14]} 42. h5 {[%clk 0:22:38]} 42... Rh8 {[%clk 1:21:40]} 43. Kg4 { [%clk
0:21:50]} 43... Rh7 {[%clk 1:21:54]} 44. Rge6 {[%clk 0:21:01]} 44... Kb3 {[%clk
1:21:56]} 45. Re7 {[%clk 0:20:11]} 45... Nxc3 {[%clk 1:22:05]} 46. h6 { [%clk
0:20:10]} 46... d4 {[%clk 1:22:25]} 47. Rd3 {[%clk 0:15:10]} 47... Kc4 { [%clk
1:22:37]} 48. Rd2 {[%clk 0:15:16]} 48... Nd5 {[%clk 1:22:28]} 49. Rxg7 { [%clk
0:11:12]} 49... Rh8 {[%clk 1:22:57]} 50. h7 {[%clk 0:09:17]} 50... Kc3 { [%clk
1:23:22]} 51. Rh2 {[%clk 0:08:48]} 51... d3 {[%clk 1:23:47]} 52. Rg8 { [%clk
0:08:13]} 52... d2 {[%clk 1:23:24]} 53. Rxd2 {[%clk 0:08:16]} 53... Ne3+ {[%clk
1:23:48]} 54. Kf4 {[%clk 0:07:25]} 54... Rxh7 {[%clk 1:24:16]} 55. Rdd8 {[%clk
0:05:15]} 55... Nc4 {[%clk 1:24:25]} 56. g6 {[%clk 0:05:21]} 56... Rh1 { [%clk
1:23:58]} 57. g7 {[%clk 0:05:01]} 57... Rg1 {[%clk 1:24:23]} 58. Rd7 { [%clk
0:05:08]} 58... Nxa3 {[%clk 1:24:26]} 59. Rc8+ {[%clk 0:05:25]} 59... Nc4
{[%clk 1:24:37]} 60. g8=Q {[%clk 0:05:34]} 60... Rxg8 {[%clk 1:25:06]} 61. Rxg8
{[%clk 0:05:16]} 61... b4 {[%clk 1:25:01]} 62. Rb7 {[%clk 0:05:18]} 62... b3 {
[%clk 1:25:23]} 63. Rgb8 {[%clk 0:04:58]} 63... b2 {[%clk 1:24:41]} 64. Rxb6 {
[%clk 0:05:23]} 64... Nxb6 {[%clk 1:25:01]} 65. Rxb6 {[%clk 0:05:49]} 65... Kc2
66. Ke5 {[%clk 0:06:08]} 66... b1=Q {[%clk 1:25:51]} 67. Rxb1 {[%clk 0:06:30]}
67... Kxb1 {[%clk 1:26:14]} 68. f4 {[%clk 0:06:57]} 1-0

[Event "DVM U14 2020"]
[Site "Willingen GER"]
[Date "2021.06.25"]
[Round "4"]
[White "Atze, Reinhard"]
[Black "Ellert, Stefan"]
[Result "0-1"]
[Termination "normal"]
[Board "6.3"]
[WhiteElo "1358"]
[BlackElo "1657"]
[WhiteClock "01:11:12"]
[BlackClock "01:17:18"]
[WhiteTeam "Schachklub König Plauen"]
[BlackTeam "SV Empor Berlin e.V."]
[PlyCount "43"]
[WhiteFideId "12995665"]
[BlackFideId "16235029"]
[EventCountry "GER"]
[EventRounds "7"]
[EventType "team-swiss"]
[EventDate "2021.06.23"]

1. e4 c6 2. d4 d5 3. Nc3 dxe4 4. Nxe4 Bf5 5. Ng3 Bg6 6. Nf3 e6 7. Be2 Nf6 8.
O-O Bd6 9. c3 Nbd7 10. Bg5 Qb6 11. Qc2 O-O 12. Rac1 h6 13. Bxf6 Nxf6 14. a3 Qc7
15. Bd3 Bf4 16. Qe2 Bxd3 17. Qxd3 Bxc1 18. Rxc1 Rad8 19. Qe2 c5 20. Ne4 cxd4
21. Nxf6+ gxf6 22. Rc2 0-1